| 000 | 00460nam a2200181Ia 4500 | ||
|---|---|---|---|
| 003 | GCL | ||
| 008 | 140319s9999 xx 000 0 ara d | ||
| 040 |
_aGCL / _cGCL |
||
| 082 | 0 | 4 |
_a811.00912 _bم د |
| 100 | 1 | _aمحمد يوسف | |
| 245 | 1 | 0 |
_aداليا / _cمحمد يوسف |
| 260 |
_a[S.N] : _bاليقظة ، _c1985 |
||
| 300 | _a58 ص | ||
| 490 | _a | ||
| 650 | 0 | 4 | _aالشعر العربى |
| 650 | 0 | 4 | _aالادب العربى |
| 942 |
_2ddc _cBK |
||
| 999 |
_c53562 _d53562 |
||